|
|
|
|
| LEADER |
01111nam a2200301 i 4500 |
| 001 |
37525 |
| 003 |
BD-DhAAL |
| 005 |
20211227114904.0 |
| 008 |
211004t2018 maua b 001 0 eng |
| 999 |
|
|
|c 42290
|d 42290
|
| 010 |
|
|
|a 2018026936
|
| 020 |
|
|
|a 9780262039512
|
| 040 |
|
|
|a DLC
|b eng
|c DLC
|e rda
|d DLC
|d BD-DhAAL
|
| 042 |
|
|
|a pcc
|
| 050 |
0 |
0 |
|a Q325.7
|b .C43 2018
|
| 082 |
0 |
0 |
|a 006.31
|2 23
|
| 100 |
1 |
|
|a Charniak, Eugene,
|e author.
|9 42118
|
| 245 |
1 |
0 |
|a Introduction to deep learning /
|c Eugene Charniak.
|
| 260 |
|
|
|a Cambridge, Massachusetts :
|b The MIT Press,
|c c2018.
|
| 300 |
|
|
|a xii, 174 pages :
|b illustrations ;
|c 24 cm.
|
| 504 |
|
|
|a Includes bibliographical references (pages 165-168) and index.
|
| 526 |
|
|
|a CSE
|
| 541 |
|
|
|a Trim Education
|e 37525
|
| 650 |
|
0 |
|a Computational learning theory.
|9 42119
|
| 650 |
|
7 |
|a Computer science.
|9 42120
|
| 852 |
|
|
|a Ayesha Abed Library
|c General Stacks
|
| 942 |
|
|
|2 ddc
|c BK
|
| 952 |
|
|
|0 0
|1 0
|2 ddc
|4 0
|6 006_310000000000000_CHA
|7 0
|9 69403
|a BRACUL
|b BRACUL
|c GEN
|d 2021-10-04
|e Trim Education
|g 2765.00
|l 5
|m 64
|o 006.31 CHA
|p 3010037525
|r 2025-07-16
|s 2024-09-15
|t 1
|w 2021-10-04
|y BK
|